| 000 | 00705 a2200229 4500 | ||
|---|---|---|---|
| 999 |
_c200129686 _d17266 |
||
| 001 | 200129686 | ||
| 003 | TR-AnTOB | ||
| 005 | 20231204163137.0 | ||
| 008 | 160701b tu 000 0 | ||
| 020 | _a9789291685066 | ||
| 040 |
_aTR-AnTOB _beng _cTR-AnTOB _erda |
||
| 041 | _aeng | ||
| 050 |
_aHV5840.E85 _bS7 2012 |
||
| 090 | _aHV5840 .E85 S7 2012 | ||
| 245 | 1 | 0 |
_aSubstance use among students in 36 european countries : _b2011 ESPAD report : _bsummary / _cHibell, Björn...[and ot.]. |
| 264 | 1 |
_aPotugal: _bEuropean Monitoring Centre, _c2012 |
|
| 300 |
_a22 p. : _btbl. ; _c29 cm. |
||
| 650 | 0 | 0 |
_aDrug abuse _zEurope _964659 |
| 650 | 0 | 0 |
_aYouth _xDrug use _zEurope _983274 |
| 942 |
_cBK _2lcc |
||